| 000 | 00806nam a2200241 a 4500 | ||
|---|---|---|---|
| 005 | 20240924071041.0 | ||
| 008 | 010614s1995 r 000 0 eng d | ||
| 020 | _a8420680818 | ||
| 035 | _aUPN01000108287 | ||
| 049 | _aCG | ||
| 050 | 4 |
_aP121 _bA4.2 |
|
| 100 | 1 | _aAkmajian, Adrian | |
| 245 | 1 | 0 |
_aLingüística : _buna introducción al lenguaje y la comunicación / _cAdrian Akmajian, Richard A. Demers, Robert M. Harnish. |
| 260 |
_aMadrid : _bAlianza, _c[1995]. |
||
| 300 | _a394 p. | ||
| 440 | 0 |
_aAlianza universidad textos ; _v81 |
|
| 534 |
_pTraducción de : _tLinguistics : an introduction to language and communication |
||
| 650 | 4 |
_aLingüística _96151 |
|
| 650 | 4 |
_aComunicación _99285 |
|
| 700 | 1 |
_aDemers, Richard A., _ecoaut. |
|
| 700 | 1 |
_aHarnish, Robert M., _ecoaut. |
|
| 905 | _aLibro | ||
| 999 |
_c82199 _d82199 |
||